000 00575 a2200205 4500
020 _a0-8133-1037-7
082 _a302.34
_bAl52f
100 _aAllam, Fraham A.
_918868
245 _aFriendship: developing a sociological perspective
260 _aBoulder
_bWestview Press
_c1989
300 _a174p.
440 _aStudies in sociology
_918869
504 _aBibliography: p.159-169
650 _aSociological aspects
_916126
650 _aFriendship
_91609
650 _aSocial change
650 _aSocial structure
_91316
653 _aSocial science
942 _2ddc
_cGEN
999 _c58722
_d58711